Statistiken für Städte nach Wahrzeichen

Klicken Sie hier um das Quiz zu spielen!

Allgemein

  • Dieses Quiz wurde 1,369 mal gespielt
  • Das Durchschnittsergebnis liegt bei 16 aus 24

Antwortstatistiken

Wahrzeichen Stadt % Korrekt
Buckingham PalaceLondon
100%
Empire State BuildingNew York City
97%
Brandenburger TorBerlin
94%
Die AkropolisAthen
93%
Das KolosseumRom
92%
Golden Gate BridgeSan Francisco
91%
Roter PlatzMoskau
88%
Walk of FameLos Angeles
87%
Arc de TriompheParis
87%
La Sagrada FamiliaBarcelona
75%
Die Kleine MeerjungfrauKopenhagen
75%
Lincoln MemorialWashington D.C.
73%
Hagia SophiaIstanbul
65%
Space NeedleSeattle
54%
TafelbergKapstadt
53%
Petronas TowersKuala Lumpur
50%
Willis Tower (Sears Tower)Chicago
49%
FelsendomJerusalem
46%
CN TowerToronto
45%
Harbour BridgeSydney
42%
Independence HallPhiladelphia
30%
Der Taj MahalAgra
27%
Gateway ArchSt. Louis
25%
Das AlamoSan Antonio
21%

Verteilung der Resultate

Perzentil nach korrekt beantworteten Fragen

Anzahl Personen mit jedem Resultat

Ihre Resultats-Entwicklung

Sie haben dieses Quiz noch nicht gespielt